00473nam a2200193Ia 4500003000400000005001700004008004100021020000700062040000700069082001500076100002100091245003000112250000700142260004000149300002600189500000700215600003300222650002400255OSt20241007102656.0240925s9999 xx 000 0 und d aNA csd a796.44 MAR aMartineau ,G. D. 0aBat, Ball, Wicket and All aNA aLondon:bSporting Handbooksc,1950. a213p.bN.AfPhotocopy aNA aHumanities & Natural Science aArts and Recreation